000
00295nam a22001337a 4500
008
190226b xxu||||| |||| 00| 0 eng d
020
_a
0894433601
041
_a
eng
080
_a
371
100
_a
25
101
_a
EDU
245
_a
Written Language Instruction
_c
Gunnm, T.P
942
_2
udc
_c
BK
999
_c
54304
_d
54304